000 02273cam a2200505Ii 4500
001 on1129932732
003 OCoLC
005 20220228135439.0
008 191208t20202020nyua b b 000 1 eng d
010 _a 2019944982
020 _a9780062941589
_q(hardcover) :
_c$17.99
020 _a0062941585
_q(hardcover)
035 _a(OCoLC)1129932732
040 _aYDX
_beng
_erda
_cYDX
_dBDX
_dOCLCQ
_dZAE
_dGK8
_dGK5
_dILC
_dOCLCF
_dLMJ
_dUPB
050 4 _aQL775
_b.S57 2020
082 0 4 _a591
_a[E]
_223
092 _aE Values Sir
100 1 _aSirotich, Erica,
_eauthor,
_eillustrator.
_96417129
245 1 0 _aCan we be friends? :
_bunexpected animal friendships from around the world /
_cby Erica Sirotich.
246 3 0 _aUnexpected animal friendships from around the world
250 _aFirst edition.
264 1 _aNew York, NY :
_bHarper, an imprint of HarperCollinsPublishers,
_c[2020].
264 4 _c©2020
300 _a32 unnumbered pages :
_bcolor illustrations ;
_c24 cm
336 _atext
337 _aunmediated
338 _avolume
500 _aIncludes glossary.
504 _aIncludes bibliographical references (page [31]).
520 _aThis book tells about five unlikely animal friendships in sanctuaries and zoos, from around the world: Kenya's Owen the hippo and Mzee the tortoise; South Africa's Themba the elephant and Albert the sheep; California's Koko the gorilla and her kittens; Virginia's Kumbali the cheetah and Kago the dog; Ireland's Ben the dog and Duggie the wild dolphin.
521 1 _a"Ages 4-8"--Jacket.
583 _aJcat
_c20201022
_kpjr
_5UPB
650 0 _aAnimals
_vAnecdotes
_vJuvenile literature.
_95700999
650 0 _aZoos
_vJuvenile literature.
_95738958
650 0 _aHippopotamus
_vJuvenile literature.
_95691804
650 0 _aTurtles
_vJuvenile literature.
_95726574
650 0 _aElephants
_vJuvenile literature.
_95693129
650 0 _aSheep
_vJuvenile literature.
_95703477
650 0 _aGorilla
_vJuvenile literature.
_96370200
650 0 _aKittens
_vJuvenile literature.
_95706330
650 0 _aCheetah
_vJuvenile literature.
_95691825
650 0 _aDogs
_vJuvenile literature.
_95674547
650 0 _aDolphins
_vJuvenile literature.
_95707000
942 _2ddc
_cBOOK
999 _c370740
_d370740